[Event "Kalamazoo op11"]
[Site "Kalamazoo"]
[Date "1999.11.20"]
[Round "2"]
[White "Perlmutter, Norman"]
[Black "Henkel, Scott"]
[Result "0-1"]
[WhiteElo "707"]
[BlackElo "1266"]
[PlyCount "152"]
[EventDate "1999.11.20"]
[EventType "swiss"]
[EventRounds "3"]
[EventCountry "USA"]
[SourceTitle "EXT 2007"]
[Source "ChessBase"]
[SourceDate "2006.11.23"]
[SourceVersion "1"]
[SourceVersionDate "2006.11.23"]
[SourceQuality "1"]

1. e4 d6 2. d4 Nf6 3. Nc3 g6 4. Nf3 Bg7 5. Bc4 0-0 6. Be3 Nxe4 7. Nxe4 d5 8. Bxd5 Qxd5 9. Nc3 Qc6 10. 0-0 Bg4 11. Ne5 Bxd1 12. Nxc6 Nxc6 13. Raxd1 a6 14. Rfe1 e6 15. Ne4 Nb4 16. Bf4 Nxc2 17. Re2 Nxd4 18. Red2 Nc6 19. Bxc7 Nb4 20. a3 Nd5 21. Bg3 Bh6 22. Rd3 Nf4 23. Rd7 Ne2+ 24. Kf1 Nxg3+ 25. hxg3 Bg7 26. Rxb7 Rfb8 27. Rdd7 Rxb7 28. Rxb7 h6 29. Nd6 Rd8 30. Nxf7 Rd2 31. Ke1 Rxb2 32. Nxh6+ Kh7 33. Rxb2 Bxb2 34. Ng4 Bxa3 35. Kd2 a5 36. Kc3 Kg7 37. Kb3 Bb4 38. Ne5 Kf6 39. Nd3 Bd6 40. Ka4 Bc7 41. Nc5 Kf5 42. Kb5 e5 43. Kc6 Bd8 44. f3 Be7 45. Kb5 Bxc5 46. Kxc5 e4 47. Kd4 a4 48. fxe4+ Kf6 49. e5+ Ke6 50. g4 a3 51. Kc3 Kxe5 52. Kb3 Kf4 53. g5 Kxg5 54. Kxa3 Kg4 55. Kb3 Kg3 56. Kc4 Kxg2 57. Kd4 Kf3 58. Ke5 g5 59. Kd4 g4 60. Kd5 g3 61. Ke5 g2 62. Kd5 g1R 63. Kd4 Re1 64. Kd5 Kf4 65. Kd6 Re5 66. Kc6 Ke4 67. Kd6 Kd4 68. Kc6 Rd5 69. Kc7 Kc5 70. Kb7 Rd6 71. Kc7 Kd5 72. Kb7 Rc6 73. Ka7 Kc5 74. Kb7 Kb5 75. Kb8 Kb6 76. Ka8 Rc8# 0-1